书目信息 |
| 题名: |
戏曲鉴赏
|
|
| 作者: | 陈文兵 , 华金余 编著 | |
| 分册: | ||
| 出版信息: | 北京 对外经济贸易大学出版社 2008.11 |
|
| 页数: | 302页 | |
| 开本: | 24cm | |
| 丛书名: | 全国高等院校公共艺术课系列教材 | |
| 单 册: | ||
| 中图分类: | J805.2 | |
| 科图分类: | ||
| 主题词: | 戏曲--xi qu--鉴赏--高等学校--教材 | |
| 电子资源: | ||
| ISBN: | 978-7-81134-214-7 | |
| 000 | 01132nam 2200277 450 | |
| 001 | 012009980745 | |
| 005 | 20091127205653.56 | |
| 010 | @a978-7-81134-214-7@dCNY32.00 | |
| 100 | @a20091127d2008 em y0chiy0120 ea | |
| 101 | 0 | @achi |
| 102 | @aCN@b110000 | |
| 105 | @aa a 000yy | |
| 106 | @ar | |
| 200 | 1 | @a戏曲鉴赏@Axi qu jian shang@f陈文兵, 华金余编著@Fchen wen bing,hua jin yu bian zhu |
| 210 | @a北京@c对外经济贸易大学出版社@d2008.11 | |
| 215 | @a302页@c图@d24cm | |
| 225 | 2 | @a全国高等院校公共艺术课系列教材@Aquan guo gao deng yuan xiao gong gong yi shu ke xi lie jiao cai |
| 320 | @a有书目 | |
| 330 | @a戏曲是中国传统的舞台艺术表现形式。《戏曲鉴赏》作为系列教材之一,立足于经典戏曲作品的鉴赏。着重阐述中国戏曲发展历史、戏曲体例特征、中国古典戏曲理论,并精选中国古代、近现代经典戏曲特别是京剧和其他地方戏曲作品加以分析,以助读者鉴赏。 | |
| 410 | 0 | @12001 @a全国高等院校公共艺术课系列教材 |
| 606 | 0 | @a戏曲@Axi qu@x鉴赏@x高等学校@j教材 |
| 690 | @aJ805.2@v4 | |
| 701 | 0 | @a陈文兵@Achen wen bing@4编著 |
| 701 | 0 | @a华金余@Ahua jin yu@4编著 |
| 801 | 0 | @aCN@bQSSK@c20091127 |
| 905 | @b766324-26@dJ805.2@eC580@f3 | |
| 戏曲鉴赏/陈文兵, 华金余编著.-北京:对外经济贸易大学出版社,2008.11 |
| 302页:图;24cm.-(全国高等院校公共艺术课系列教材) |
| ISBN 978-7-81134-214-7:CNY32.00 |
| 戏曲是中国传统的舞台艺术表现形式。《戏曲鉴赏》作为系列教材之一,立足于经典戏曲作品的鉴赏。着重阐述中国戏曲发展历史、戏曲体例特征、中国古典戏曲理论,并精选中国古代、近现代经典戏曲特别是京剧和其他地方戏曲作品加以分析,以助读者鉴赏。 |
| ● |
| 相关链接 |
|
|
|
正题名:戏曲鉴赏
索取号:J805.2/C580
 
预约/预借
| 序号 | 登录号 | 条形码 | 馆藏地/架位号 | 状态 | 备注 |
| 1 | 766324 | 207663241 | 社科库309/309社科库 95排2列5层/ [索取号:J805.2/C580] |
已借出,限还日期为2026.04.21 借出人:郭张彦 |
|
| 2 | 766325 | 207663250 | 社科库309/309社科库 95排2列5层/ [索取号:J805.2/C580] | 在馆 | |
| 3 | 766326 | 207663269 | 社科库309/309社科库 95排2列5层/ [索取号:J805.2/C580] | 在馆 |